000
00282nam a2200109 4500
999
_c
11608
_d
11608
003
OSt
005
20230601185417.0
008
230601b ||||| |||| 00| 0 eng d
245
_a
Frank Lloyd wright master of world architecture
260
_a
New York
_b
George braziller
942
_2
ddc